| 000 | 00000nam##2200000za#4500 |
| 001 | 9.603264 |
| 003 | CaOODSP |
| 005 | 20240212134142 |
| 007 | cr ||||||||||| |
| 008 | 150406|1998||||xxc|||||o f|0| 0 fre|d |
| 040 | |aCaOODSP|bfre |
| 043 | |an-cn--- |
| 086 | 1 |aNE12-3/8-1998F-PDF |
| 110 | 1 |aCanada. |bOffice national de l'énergie. |
| 245 | 10|aÉlectricité |h[ressource électronique] |
| 260 | |aCalgary - Alberta : |bOffice national de l'énergie |cJanvier 1998. |
| 300 | |a6p. |
| 490 | 1 |aBulletin d'information |v8 |
| 500 | |aLe nº de catalogue (NE 12-3/8-1998F) et l'ISSN (0825-0189) de l'édition imprimée ont été incorrectement copiés dans cette édition électronique. |
| 590 | |a12-11-Supp|b2012-03-27 |
| 775 | 08|tElectricity |w(CaOODSP)9.573016 |
| 776 | 0#|tÉlectricité |w(CaOODSP)9.624894 |
| 830 | #0|aBulletin d'information ;|v8|w(CaOODSP)9.503172 |
| 856 | 40|ahttp://publications.gc.ca|qPDF|s110 Ko|uhttps://publications.gc.ca/collections/Collection/NE12-3-8-1998F.pdf|y8 |